| 000 | 00761nam a2200217 a 4500 | ||
|---|---|---|---|
| 001 | 000029249 | ||
| 005 | 20240412074254.0 | ||
| 008 | 110414s1983 dr r 000 p spa d | ||
| 040 |
_aDO-SdBNP _bspa _cBNPHU |
||
| 082 |
_aRD861.44 _bM715c |
||
| 100 | 1 |
_aMojica, Héctor _956144 |
|
| 245 | 1 | 0 |
_aChallenger, trasbordador de enredo / _cHector Mojica ; prólogo Rafael García Romero. |
| 260 |
_aSanto Domingo : _bImpresos Urgentes, _c[1983]. |
||
| 300 |
_a22 p. ; _c22 cm. |
||
| 500 | _aIncluye datos biográficos del autor en la contracubierta | ||
| 590 | _aInventariado, 2018/BT | ||
| 650 | 0 |
_aPoesía dominicana _966 |
|
| 650 | 0 |
_aLiteratura dominicana. _967 |
|
| 700 | 1 | 2 |
_aGarcía Romero, Rafael, _epról. _917141 |
| 910 | _aValidado. Control de calidad. MFF | ||
| 999 |
_c28741 _d28741 |
||